000 00652nam a2200229 a 4500
999 _c1987
_d1987
001 1987
003 BD-JhCC
005 20171028103728.0
008 171028s1994 bg a|||| |||| 000 0 mul d
020 _a9840401260
035 _a(BD-JhCC)1987
040 _aBD-JhCC
_dBD-JhCC
041 _aEnglish and Bengali
082 _a954.92
_bBAN 1994
245 _aBangladesh ;
_bPast Two Decades and The Current Decade /
_cQazi Kholiquzzaman Ahmad.
260 _aDhaka :
_bBangladesh Unnayan Parishad (BUP),
_c1994
300 _a510 p. :
_bill. ,
_c22 cm.
651 _aBangladehs
700 _aAhmad, Qazi Kholiquzzaman
942 _2ddc
_cBK